000 00979nam a2200265Ia 4500
003 OSt
005 20220923211142.0
006 a|||||r|||| 00| 0
007 ta
008 220922b |||||||| |||| 00| 0 hin d
020 _a8186339949 (hbk)
024 _a158,577
037 _cTextual
040 _aARTS
_cARTS
_bhin
041 _2hin
_ahin
082 _aY:1.2, 152P0
100 _aअग्निहोत्री, प्रभुदयालु
_9158803
245 0 _aप्राचीन भारतीय संस्कृति और समाज
246 _aPrāchīn bhāratīya sanskṛuti aur samāja
260 _aदिल्ली
_b ईस्टर्न बुक लिंकर्स
_c2000
300 _a273पृ.
_ccm.
650 _aभारतीय-लोक साहित्य
_9158804
942 _hY:1.2, 152P0
_cTEXL
_2CC
999 _c296005
_d296005